<?xml version="1.0" encoding="UTF-8"?>
<record
    xmlns:xsi="http://www.w3.org/2001/XMLSchema-instance"
    xsi:schemaLocation="http://www.loc.gov/MARC21/slim http://www.loc.gov/standards/marcxml/schema/MARC21slim.xsd"
    xmlns="http://www.loc.gov/MARC21/slim">

  <leader>00417nam a22001457a 4500</leader>
  <datafield tag="999" ind1=" " ind2=" ">
    <subfield code="c">18464</subfield>
    <subfield code="d">18464</subfield>
  </datafield>
  <controlfield tag="008">200812b        xxu||||| |||| 00| 0 eng d</controlfield>
  <datafield tag="020" ind1=" " ind2=" ">
    <subfield code="a">1305094506</subfield>
  </datafield>
  <datafield tag="050" ind1=" " ind2=" ">
    <subfield code="a">HB871</subfield>
    <subfield code="b">.W44 2016 c.1</subfield>
  </datafield>
  <datafield tag="100" ind1=" " ind2=" ">
    <subfield code="a">Weeks, John R.</subfield>
  </datafield>
  <datafield tag="245" ind1=" " ind2=" ">
    <subfield code="a">Population </subfield>
    <subfield code="b">an introduction to concepts and issues </subfield>
    <subfield code="c">John R. Weeks</subfield>
  </datafield>
  <datafield tag="250" ind1=" " ind2=" ">
    <subfield code="a">12th ed. </subfield>
  </datafield>
  <datafield tag="260" ind1=" " ind2=" ">
    <subfield code="a">Australia </subfield>
    <subfield code="b">Cengage Learning </subfield>
    <subfield code="c">2016 </subfield>
  </datafield>
  <datafield tag="300" ind1=" " ind2=" ">
    <subfield code="a">xxv, 580p.</subfield>
  </datafield>
  <datafield tag="942" ind1=" " ind2=" ">
    <subfield code="2">lcc</subfield>
    <subfield code="c">BK</subfield>
  </datafield>
  <datafield tag="952" ind1=" " ind2=" ">
    <subfield code="0">0</subfield>
    <subfield code="1">0</subfield>
    <subfield code="2">lcc</subfield>
    <subfield code="7">0</subfield>
    <subfield code="a">KABU</subfield>
    <subfield code="b">KABU</subfield>
    <subfield code="d">2020-08-12</subfield>
    <subfield code="l">0</subfield>
    <subfield code="o">HB871 .W44 2016 c.1</subfield>
    <subfield code="p">030387</subfield>
    <subfield code="r">2024-08-02 00:00:00</subfield>
    <subfield code="w">2020-08-12</subfield>
    <subfield code="y">BK</subfield>
  </datafield>
  <datafield tag="952" ind1=" " ind2=" ">
    <subfield code="0">0</subfield>
    <subfield code="1">0</subfield>
    <subfield code="2">lcc</subfield>
    <subfield code="7">0</subfield>
    <subfield code="a">KABU</subfield>
    <subfield code="b">KABU</subfield>
    <subfield code="d">2020-08-12</subfield>
    <subfield code="l">0</subfield>
    <subfield code="o">HB871 .W44 2016 c.2</subfield>
    <subfield code="p">030388</subfield>
    <subfield code="r">2024-08-02 00:00:00</subfield>
    <subfield code="w">2020-08-12</subfield>
    <subfield code="y">BK</subfield>
  </datafield>
  <datafield tag="952" ind1=" " ind2=" ">
    <subfield code="0">0</subfield>
    <subfield code="1">0</subfield>
    <subfield code="2">lcc</subfield>
    <subfield code="7">0</subfield>
    <subfield code="a">KABU</subfield>
    <subfield code="b">KABU</subfield>
    <subfield code="d">2020-08-12</subfield>
    <subfield code="l">0</subfield>
    <subfield code="o">HB871 .W44 2016 c.3</subfield>
    <subfield code="p">030389</subfield>
    <subfield code="r">2024-08-02 00:00:00</subfield>
    <subfield code="w">2020-08-12</subfield>
    <subfield code="y">BK</subfield>
  </datafield>
</record>
